Central Library OPAC University of Rajshahi

জাফর আহমেদ চৌধুরী : (Record no. 63496)

MARC details
000 -LEADER
fixed length control field 01018nam a2200241 a 4500
001 - CONTROL NUMBER
control field 63496
003 - CONTROL NUMBER IDENTIFIER
rucl marc code BD-RjUL
005 - DATE AND TIME OF LATEST TRANSACTION
control field 20211209081214.0
008 - FIXED-LENGTH DATA ELEMENTS--GENERAL INFORMATION
fixed length control field 170130s2007 bg a|||| |||| 00| 0 ben d
020 ## - INTERNATIONAL STANDARD BOOK NUMBER
International Standard Book Number 98430000099
Terms of availability : Tk\. 150.00
035 ## - SYSTEM CONTROL NUMBER
System control number (BD-RjUL)63625
040 ## - CATALOGING SOURCE
Original cataloging agency BD-RjUL
Language of cataloging ben
Transcribing agency BD-RjUL
Modifying agency BD-RjUL
041 ## - LANGUAGE CODE
Language code of text/sound track or separate title ben
082 ## - DEWEY DECIMAL CLASSIFICATION NUMBER
Edition number 23
Classification number 891.44109
Author mark and year JAF 2007
245 00 - TITLE STATEMENT
Title জাফর আহমেদ চৌধুরী :
Remainder of title কবি ও কবিতা
Statement of responsibility, etc. সম্পাদনা : রওশন আক্তার হায়দার
250 ## - EDITION STATEMENT
Edition statement ১ম বটমূল সং.
260 ## - PUBLICATION, DISTRIBUTION, ETC. (IMPRINT)
Place of publication, distribution, etc. ঢাকা :
Name of publisher, distributor, etc. সেলিম মাহমুদ,
Date of publication, distribution, etc. ২০০৭
300 ## - PHYSICAL DESCRIPTION
Pagination ১৪৪ পৃ. :
Illustrations চিত্র ;
Size ২৩ সেমি.
650 ## - SUBJECT ADDED ENTRY--TOPICAL TERM
Topical term or geographic name as entry element বাংলা কবিতা
General subdivision ইতিহাস ও সমালোচনা
9 (RLIN) 185023
Topical term or geographic name as entry element Bengali Poetry
General subdivision History and Criticism
9 (RLIN) 186582
700 ## - ADDED ENTRY--PERSONAL NAME
Personal name হায়দার, রওশন আক্তার
942 ## - ADDED ENTRY ELEMENTS (KOHA)
Source of classification or shelving scheme Dewey Decimal Classification
Koha item type Books
Holdings
Lost status Source of classification or shelving scheme Damaged status Not for loan Collection code Permanent Location Current Location Shelving location Date acquired Total Checkouts Full call number Date last seen Copy number Koha item type
  Dewey Decimal Classification   Not For Loan Non-fiction Central Library, University of Rajshahi Central Library, University of Rajshahi Reading Room 14/05/2007   B 891.44109 JAF 2007 30/01/2017 C-1 Books